000 01084cam a22003137a 4500
003 CHAP
005 20220329140243.0
008 971013s1947 r 00010 d
010 _a49279
011 _a50251
035 _a54401
040 _cCHAP
082 _a634.95
_bV53
100 0 0 _aVidal, José J.
_9119254
245 1 3 _aEl arbol en el campo
_b: su cultivo y aprovechamiento, apuntes de silvicultura para uso de los forestadores de la campaña argentina
260 _aBuenos Aires :
_bEl Ateneo,
_c1947
300 _a322 p.
_b: ilus.
590 _aBATCH-UPD
_b10
_c20130110
_lUCH01
_h0415
590 _aBATCH-UPD
_b10
_c20130110
_lUCH01
_h2232
590 _aBATCH-UPD
_b10
_c20130410
_lUCH01
_h0050
590 _aBATCH-UPD
_b10
_c20130410
_lUCH01
_h1527
590 _aBATCH-UPD
_b10
_c20130914
_lUCH01
_h0715
590 _aCONVERSION
_b10
_c20130109
_lUCH01
_h1327
650 1 4 _aBosques
_xArgentina.
_914055
650 1 4 _aSilvicultura
_xPublicaciones periódicas.
_9106124
901 _aBK
942 _cLIBRO
949 _a634.95 V53
_bBC
_cLIBRO
_d33724000235875
_eLIBRO
_h23769
_i54401
_si
999 _c49279
_d49279